| 000 | 01062nam a2200277Ia 4500 | ||
|---|---|---|---|
| 003 | OSt | ||
| 005 | 20221005105647.0 | ||
| 006 | a|||||r|||| 00| 0 | ||
| 007 | ta | ||
| 008 | 221004b |||||||| |||| 00| 0 hin d | ||
| 020 |
_a8181435249 (hbk) _c100 |
||
| 024 | _a115725 | ||
| 037 |
_b370, 17/02/2011, Vani Parkashan _cTextual |
||
| 040 |
_aCRL _cCRL _bhin |
||
| 041 |
_2hin _ahin |
||
| 082 | _aO122,2N05,BR, 152P6 | ||
| 100 | _aसार्त्र, ज्यॉं पाल | ||
| 245 | 0 | _aबन्द रास्तों के बीच | |
| 246 | _aBanda rāstoan ke bīcha | ||
| 260 |
_aनई दिल्ली _bवाणी प्रकाशन भारत _c2006 |
||
| 300 |
_a68पृ0 _ccm. |
||
| 650 | _aहिन्दी साहित्य | ||
| 700 | _a विवेकानन्द, अनु. | ||
| 942 |
_hO122,2N05,BR, 152P6 _cTEXL _2cc |
||
| 999 |
_c1016488 _d1016488 |
||